Communication Satellites In The Geostationary Orbit (Record no. 318723)

MARC details
000 -LEADER
fixed length control field 00486nam a2200169Ia 4500
008 - FIXED-LENGTH DATA ELEMENTS--GENERAL INFORMATION
fixed length control field 230718s9999 xx 000 0 und d
020 ## - INTERNATIONAL STANDARD BOOK NUMBER
International Standard Book Number 978-0890062500
041 ## - LANGUAGE CODE
Language code of text/sound track or separate title eng
082 ## - DEWEY DECIMAL CLASSIFICATION NUMBER
Classification number 621.380423
Item number JAN
100 ## - MAIN ENTRY--PERSONAL NAME
Personal name Jansky D.M.
9 (RLIN) 129479
245 ## - TITLE STATEMENT
Title Communication Satellites In The Geostationary Orbit
260 ## - PUBLICATION, DISTRIBUTION, ETC. (IMPRINT)
Name of publisher, distributor, etc. Artech
300 ## - PHYSICAL DESCRIPTION
Accompanying material [OBSOLETE, CAN/MARC] Ref 1066 E ME (29930)
365 ## - TRADE PRICE
Currency code Rs.
Price amount 9828.00
700 ## - ADDED ENTRY--PERSONAL NAME
Personal name Jansky D.M. & Jeruchim M.C.
9 (RLIN) 189948
906 ## - LOCAL DATA ELEMENT F, LDF (RLIN)
d B:441505-May-2008
c ME ETC
b 20
Holdings
Withdrawn status Lost status Source of classification or shelving scheme Reference No Damaged status Not for loan Home library Current library Date acquired Vendor Budget Code Cost, normal purchase price Bill number Full call number Barcode Date last seen Discount Cost, replacement price Bill Date Koha item type Original Barcode
    Dewey Decimal Classification Ref 1066 E M. Tech. (29930)   Reference Cummins College of Engineering for Women Pune Cummins College of Engineering for Women Pune 26/05/2008 Tbs ME ETC 9808.00 4415 621.380423 CCEP-BK-29930 18/07/2023 20 9828.00 05/05/2008 Books 029930